00711nam a2200241 a 4500001001300000003000900013005001700022008004100039020001000080082001500090100001700105245006700122260004200189300000900231500003500240505001000275650000900285700001700294902000800311942000700319952012800326999001500454nice12345678IN_TiNIC20260116012727.0050524s1987 cana grp 000 0 eng  ac10000a222.7bDOU aDougan, Jean aEzra, Nehemiah, Essther, the Scholar, the Governor, the Queen. aCanadabEvery Day Publications c1987 a128p aincludes index and biblioraphy2 aIndex aEzra1 aDougan, Jean bSRS cBK 001040708StackRoom-aHMIbHMId2007-06-18g100.00l1o222.7 DOUp013726r2019-10-07s2019-09-24v100.00w2005-05-24yBK c8125d8125